000 00755nas a2200241 4500
001 BR8102294
003 BR-BrBNA
005 20231205084646.0
007 ta
008 230509b bl.|||p| |||| 00| 00por d
040 _aBR-BrBNA
_bpor
_cBiblioteca Nacional de Agricultura
041 _a(Pt)
072 _aL30
100 1 _aMachado, L.C.P.
245 1 _aExito do Metodo Voisin esta condicionado a boa administracao [Pastejo; Bovino; Bos taurus; Rio Grande do Sul; Brasil]
650 _aNutricao animal
650 _aBovino
650 _aPastejo
650 _aRio Grande do Sul
773 0 _tDirigente Rural (Brazil)
_xISSN 0012-3374
_g(Jul 1981), v. 20(7) p. 33-34
_wBR8102294
909 _a202311
_bLúcia
_c55
_dLúcia Elande
942 _2AGRIS
_n0
_cANA
999 _c106509
_d106509